01465nam a2200277 a 4500001001000000003000400010005001700014008004100031040002500072082002000097100004100117245014800158260005000306300002800356490000600384500042200390500011000812504003000922650003900952700003300991700003201024700004401056700005201100711002901152830000601181000030687OSt20201001123911.0110526s1921 wauab 000 0 spa d aDO-SdBNPbspacBNPHU 4a559.7293bV364g1 aVaughan, Thomas Wayland,d1870-1952.10aA geological reconnaissance of the dominican republic /cT. W. Vaughan, Wythe Cooke, D. D. Condit, C. P. Ross, W. P. Woodring, F. C. Calkins.  aWashington :b[Gibson brothers, inc.],c1921. a268 p. :bil. ;c26 cm.1 v1 aA la cabeza del titulo : Thomas Snowden, rear admiral, U.S. navy, military governor of Santo Domingo. R.M. Warfield, lieut. commander, C.E.C., U.S. navy, in charge of the Secretaryship of state of fomento and communications. Geological survey of the Dominican republic. Thomas Wayland Vaughan, geologist in charge. Official publications of the Secretaryship of state of fomento and communications, Dominican republic. aPublicación oficial de la Secretaryship of state of fomento and communications, Dominican republic. aBibliografía: p. 18-25. aGeologíazRepública Dominicana12aCooke, Charles Wythe,d1887-12aCondit, Daniel Dale,d1886-12aRoss, Clyde P. (Clyde Polhemus),d1891-12aWoodring, W. P. (Wendell Phillips),d1891-1983.2 aGeological Survey (U.S.) 0n1